| 000 | 01551nam a22002297a 4500 | ||
|---|---|---|---|
| 001 | 8132 | ||
| 003 | FISKH | ||
| 005 | 20250827142207.0 | ||
| 008 | 250827b cb ||||| |||| 00| 0 eng d | ||
| 020 | _a9781592238798 | ||
| 040 |
_aFISKH _beng _cFISKH _dFISKH |
||
| 050 | _aQL737.C432 G67 | ||
| 082 | _a 599.53 | ||
| 100 | _aGordon, David George | ||
| 245 |
_aUncover a Dolphin : _bUncover books / _cby David George Gordon |
||
| 260 |
_aSan Diego : _bSilver Books, _c2008. |
||
| 300 |
_a14 unnumbered pages : _bcolor illustrations ; _c30 cm |
||
| 520 | _aDid you know that dolphins drink milk? Or that some scientists believe dolphins' ancestors once walked on land? Today, there are 37 different kinds of dolphins, from the familiar bottlenose to some rare river-dwellers. Uncover the secrets of dolphins, layer by layer, in this unique book. Kids can plunge into weird and wild facts, cool illustrations, diagrams, and an amazing 3-D layered model of a bottlenose dolphin. With over 4 million copies in print, the Uncover It series combines the best elements of a book with 3-D layered models to help readers truly "uncover" the mysteries of what makes things work, providing a unique approach to learning. The series' three-dimensional presentation allows for in-depth exploration of each subject. Each title features colourful illustrations and a unique "model" that can be built and deconstructed, layer by layer, by simply turning the page. Ages 8 and up | ||
| 650 |
_aAnatomy _vAnimals _xBoard book |
||
| 942 |
_2ddc _cBK _n0 |
||
| 999 |
_c8132 _d8132 |
||